[Event "Arco op 44th"]
[Site "Arco"]
[Date "2022.10.10"]
[Round "3"]
[White "Gneo, Marco"]
[Black "Caputo, Andrea"]
[Result "1-0"]
[WhiteElo "1619"]
[BlackElo "1452"]
[PlyCount "49"]
[EventDate "2022.10.08"]
[EventType "swiss"]
[EventRounds "9"]
[EventCountry "ITA"]
[SourceTitle "CBM 210 Extra"]
[Source "ChessBase"]
[SourceDate "2022.11.30"]
[SourceVersion "1"]
[SourceVersionDate "2022.11.30"]
[SourceQuality "1"]

1. Nf3 Nf6 2. c4 g6 3. b3 Bg7 4. Bb2 0-0 5. g3 b6 6. Bg2 Bb7 7. 0-0 c5 8. d3 Nc6 9. Nbd2 d6 10. Rb1 e5 11. Ng5 Qc7 12. Nde4 Nxe4 13. Nxe4 Rae8 14. Nc3 Ne7 15. Nb5 Qd7 16. Bxb7 Qxb7 17. Nxd6 Qc6 18. Nxe8 Rxe8 19. e3 Rd8 20. Qc2 Nf5 21. d4 exd4 22. exd4 Re8 23. d5 Qd7 24. Bxg7 Kxg7 25. Qc3+ 1-0

[Event "ITA-ch Seniors 50 44th"]
[Site "Macerata"]
[Date "2022.09.29"]
[Round "6"]
[White "Caputo, Andrea"]
[Black "Capossela, Fabio"]
[Result "0-1"]
[WhiteElo "1452"]
[BlackElo "1513"]
[PlyCount "121"]
[EventDate "2022.09.25"]
[EventType "swiss"]
[EventRounds "9"]
[EventCountry "ITA"]
[SourceTitle "EXT 2024"]
[Source "ChessBase"]
[SourceDate "2023.10.10"]
[SourceVersion "1"]
[SourceVersionDate "2023.10.10"]
[SourceQuality "1"]

1. e4 g6 2. d4 Bg7 3. c4 c5 4. Ne2 cxd4 5. Nxd4 Qb6 6. Nb3 Nc6 7. Nc3 Nf6 8. Be2 0-0 9. 0-0 d6 10. Be3 Qd8 11. h3 Bd7 12. Qd2 Re8 13. Rfd1 Rc8 14. Nd4 Ne5 15. b3 a6 16. Rac1 Nc6 17. f3 Nh5 18. Bf1 Ng3 19. Nde2 Nxf1 20. Rxf1 Be6 21. Nf4 Qa5 22. Rfd1 Qe5 23. Nfd5 Qh5 24. Nf4 Qa5 25. Kh1 Ne5 26. Ncd5 Qxd2 27. Rxd2 b5 28. Rdc2 bxc4 29. bxc4 h6 30. Nxe6 fxe6 31. Nf4 Kf7 32. a3 Rb8 33. Bd4 g5 34. Nh5 Bh8 35. Rd1 Rb3 36. c5 dxc5 37. Rxc5 Nd3 38. Rxd3 Rxd3 39. Bxh8 Rxh8 40. Ra5 Rd6 41. Ng3 Rc8 42. e5 Rb6 43. Ne4 Rcc6 44. Nc5 Rb5 45. Rxb5 axb5 46. Ne4 Ke8 47. Kh2 Kd7 48. Kg3 Kc7 49. Kg4 Kb6 50. Kh5 Rc2 51. g3 Ra2 52. Kxh6 Rxa3 53. Nxg5 b4 54. h4 b3 55. Ne4 b2 56. Nd2 Kb5 57. h5 Rd3 58. Nb1 Kb4 59. Kg7 Rd1 60. h6 Rxb1 61. h7 0-1

[Event "ITA-ch Seniors 50 44th"]
[Site "Macerata"]
[Date "2022.09.27"]
[Round "3"]
[White "Caputo, Andrea"]
[Black "Giorgi, Ezio Alberto"]
[Result "1/2-1/2"]
[WhiteElo "1452"]
[BlackElo "1639"]
[PlyCount "109"]
[EventDate "2022.09.25"]
[EventType "swiss"]
[EventRounds "9"]
[EventCountry "ITA"]
[SourceTitle "EXT 2024"]
[Source "ChessBase"]
[SourceDate "2023.10.10"]
[SourceVersion "1"]
[SourceVersionDate "2023.10.10"]
[SourceQuality "1"]

1. d4 Nf6 2. Bf4 d6 3. e3 Nbd7 4. Nf3 g6 5. Be2 Bg7 6. 0-0 0-0 7. Nbd2 c5 8. c3 b6 9. h3 Bb7 10. Rc1 Re8 11. Re1 e5 12. dxe5 dxe5 13. Bg3 e4 14. Nh2 Qe7 15. Nc4 Red8 16. Bc7 Rdc8 17. Bg3 Rd8 18. Bc7 Rdc8 19. Bg3 Ne8 20. Nd6 Nxd6 21. Bxd6 Qe6 22. a3 Ne5 23. Bxe5 Bxe5 24. Qa4 Bd5 25. c4 Bc6 26. Qc2 f5 27. Rcd1 Qf6 28. Rd2 Rd8 29. Red1 Rxd2 30. Rxd2 Rd8 31. Rxd8+ Qxd8 32. Nf1 Qf6 33. b3 Bb2 34. a4 Be5 35. Nd2 Bc7 36. Nb1 Qa1 37. Bf1 Be5 38. g3 Kf7 39. Kg2 Ke7 40. Qd1 Qb2 41. Be2 g5 42. Nd2 f4 43. Kg1 fxg3 44. fxg3 Bxg3 45. Kg2 Bc7 46. Nf1 a6 47. Kh1 Qe5 48. Bg4 b5 49. axb5 axb5 50. Kg1 bxc4 51. bxc4 Qc3 52. Qe2 Ba4 53. Bf5 Qe5 54. Bxh7 Bb3 55. Bg8 1/2-1/2